000 00807nam a2200229 a 4500
001 000023593
005 20200930022332.0
008 101215s1984 mx 000 0 spa d
020 _a9684090323
040 _aDO-SdBNP
_bspa
_cBNPHU
041 1 7 _aspa
_heng
_2Código de idiomas MARC
082 _ann*
_bnn*
100 1 _aThorne, Barrie.
_948630
240 1 0 _aRethinking the family.
_lEspañol
245 1 3 _aLa familia :
_b¿quién manda? ¿él o ella? /
_cBarrie Thorne y Marilyn Yalom ; traducción Marta Cecilia Kleen de la Portilla.
260 _aMéxico, D. F. :
_bEdamex,
_c1984.
300 _a306 p. ;
_c19 cm.
534 _aTítulo de la obra en inglés :
_tRethinking the family
700 1 _aYalom, Marilyn.
_948631
700 1 _aKleen de la Portilla, Marta Cecilia,
_etr.
_948632
049 _aBNGR
999 _c23089
_d23089